000 00652nam a2200229 a 4500
001 000048076
003 DO-SdBNP
005 20230124101908.0
007 ta
008 181113s2021 dr ac 000 0 spa d
020 _a9789945221626
040 _aDO-SdBNP
_bspa
_cBNPHU
082 _axxxx
_bF827n
_222
100 1 _aFranjul, Miguel,
_d1951-
_938764
245 1 3 _aLas nuevas dimensiones del periodismo /
_cMiguel Franjul.
260 _aSanto Domingo :
_bBanco del Reservas,
_c2021.
300 _a347 p. :
_bil., ;
_c26 cm.
500 _aBiografĂ­a del autor en la solapa.
590 _aInventariado, 2022 / DG
910 _aDG
942 _2ddc
_cLBS1
999 _c52503
_d52503